Water rights and irrigation practices in Laḥj : (Record no. 14893)
[ view plain ]
| 000 -LEADER | |
|---|---|
| fixed length control field | 01111cam a2200301 4500 |
| 001 - CONTROL NUMBER | |
| control field | 14893 |
| 003 - CONTROL NUMBER IDENTIFIER | |
| rucl marc code | BD-RjUL |
| 005 - DATE AND TIME OF LATEST TRANSACTION | |
| control field | 20211208235719.0 |
| 008 - FIXED-LENGTH DATA ELEMENTS--GENERAL INFORMATION | |
| fixed length control field | 720203s1971 enka b 001 0 eng |
| 020 ## - INTERNATIONAL STANDARD BOOK NUMBER | |
| International Standard Book Number | 0521079306 |
| 035 ## - SYSTEM CONTROL NUMBER | |
| System control number | (BD-RjUL)14947 |
| 040 ## - CATALOGING SOURCE | |
| Original cataloging agency | DLC |
| Transcribing agency | DLC |
| Modifying agency | DLC |
| -- | MoSU-L |
| -- | DLC |
| Language of cataloging | eng |
| 041 0# - LANGUAGE CODE | |
| Language code of text/sound track or separate title | engara |
| 082 00 - DEWEY DECIMAL CLASSIFICATION NUMBER | |
| Classification number | 346.532504691 |
| Author mark and year | MAW 1971 |
| 100 1# - MAIN ENTRY--PERSONAL NAME | |
| Personal name | Maktari, Abdulla M. A. |
| 9 (RLIN) | 46364 |
| 245 10 - TITLE STATEMENT | |
| Title | Water rights and irrigation practices in Laḥj : |
| Remainder of title | a study of the application of customary and Sharīʻah law in south-west Arabia |
| Statement of responsibility, etc. | [by] A. M. A. Maktari. |
| 260 ## - PUBLICATION, DISTRIBUTION, ETC. (IMPRINT) | |
| Place of publication, distribution, etc. | Cambridge [Eng.] : |
| Name of publisher, distributor, etc. | University Press, |
| Date of publication, distribution, etc. | 1971. |
| 300 ## - PHYSICAL DESCRIPTION | |
| Pagination | vii, 202 p. : |
| Illustrations | illus. ; |
| Size | 26 cm. |
| 490 1# - SERIES STATEMENT | |
| Series statement | University of Cambridge. Oriental publications, |
| Volume/sequential designation | no. 21 |
| 504 ## - BIBLIOGRAPHY, ETC. NOTE | |
| Bibliography, etc | Includes index |
| 650 #0 - SUBJECT ADDED ENTRY--TOPICAL TERM | |
| Topical term or geographic name as entry element | Water rights |
| Geographic subdivision | Yemen (Republic) |
| -- | Laḥij (Province) |
| 9 (RLIN) | 46365 |
| Topical term or geographic name as entry element | Irrigation |
| Geographic subdivision | Yemen (Republic) |
| -- | Laḥij (Province) |
| 9 (RLIN) | 46366 |
| 830 #0 - SERIES ADDED ENTRY--UNIFORM TITLE | |
| Volume number/sequential designation | no. 21. |
| Uniform title | University of Cambridge oriental publications ; |
| 942 ## - ADDED ENTRY ELEMENTS (KOHA) | |
| Source of classification or shelving scheme | Dewey Decimal Classification |
| Koha item type | Books |
| Lost status | Source of classification or shelving scheme | Damaged status | Not for loan | Collection code | Permanent Location | Current Location | Shelving location | Date acquired | Source of acquisition | Cost, normal purchase price | Total Checkouts | Full call number | Date last seen | Copy number | Koha item type |
|---|---|---|---|---|---|---|---|---|---|---|---|---|---|---|---|
| Dewey Decimal Classification | Not For Loan | Non-fiction | Central Library, University of Rajshahi | Central Library, University of Rajshahi | Reading Room | 15/11/1980 | Heffers. | 9.50 | 346.53250 MAW 1971 | 08/02/2014 | C-1 | Books |